<?xml version="1.0" encoding="UTF-8"?>
<record
    xmlns:xsi="http://www.w3.org/2001/XMLSchema-instance"
    xsi:schemaLocation="http://www.loc.gov/MARC21/slim http://www.loc.gov/standards/marcxml/schema/MARC21slim.xsd"
    xmlns="http://www.loc.gov/MARC21/slim">

  <leader>00780nam a2200205 a 4500</leader>
  <controlfield tag="001">000043850</controlfield>
  <controlfield tag="005">20201002045015.0</controlfield>
  <controlfield tag="008">140507s1960    sp            000 0 spa d</controlfield>
  <datafield tag="040" ind1=" " ind2=" ">
    <subfield code="a">DO-SdBNP</subfield>
    <subfield code="b">spa</subfield>
    <subfield code="c">BNPHU</subfield>
  </datafield>
  <datafield tag="245" ind1="0" ind2="0">
    <subfield code="a">Cuatro Poetas de Hoy :</subfield>
    <subfield code="b">Jos&#xE9; Luis Hidalgo, Gabriel Celaya, Blas de Otero, Jos&#xE9; Hierro /</subfield>
    <subfield code="c">selecci&#xF3;n y notas por Mar&#xED;a de Grac&#xED;a Ifach.</subfield>
  </datafield>
  <datafield tag="260" ind1=" " ind2=" ">
    <subfield code="a">Madrid :</subfield>
    <subfield code="b">Taurus,</subfield>
    <subfield code="c">1960.</subfield>
  </datafield>
  <datafield tag="300" ind1=" " ind2=" ">
    <subfield code="a">251 p. ;</subfield>
    <subfield code="c">19 cm.</subfield>
  </datafield>
  <datafield tag="490" ind1="1" ind2=" ">
    <subfield code="a">Ser y tiempo</subfield>
    <subfield code="a">temas de Espa&#xF1;a,</subfield>
    <subfield code="v">11</subfield>
  </datafield>
  <datafield tag="700" ind1="1" ind2="2">
    <subfield code="a">Ifach, Mar&#xED;a de Gracia,</subfield>
    <subfield code="e">ed.</subfield>
    <subfield code="9">71713</subfield>
  </datafield>
  <datafield tag="700" ind1="1" ind2="2">
    <subfield code="a">Hidalgo, Jos&#xE9; Luis,</subfield>
    <subfield code="d">1919-1947.</subfield>
    <subfield code="9">71714</subfield>
  </datafield>
  <datafield tag="700" ind1="1" ind2="2">
    <subfield code="a">Celaya, Gabriel,</subfield>
    <subfield code="d">1911-1991.</subfield>
    <subfield code="9">24708</subfield>
  </datafield>
  <datafield tag="700" ind1="1" ind2="2">
    <subfield code="a">Otero, Blas de.</subfield>
    <subfield code="9">71715</subfield>
  </datafield>
  <datafield tag="700" ind1="1" ind2="2">
    <subfield code="a">Hierro, Jos&#xE9;</subfield>
    <subfield code="d">1922-</subfield>
    <subfield code="9">15079</subfield>
  </datafield>
  <datafield tag="830" ind1=" " ind2="0">
    <subfield code="a">Ser y tiempo</subfield>
    <subfield code="p">temas de Espa&#xF1;a,</subfield>
    <subfield code="v">11</subfield>
    <subfield code="9">38046</subfield>
  </datafield>
  <datafield tag="952" ind1=" " ind2=" ">
    <subfield code="0">0</subfield>
    <subfield code="1">0</subfield>
    <subfield code="5">0</subfield>
    <subfield code="7">-1</subfield>
    <subfield code="8">MO</subfield>
    <subfield code="a">GR</subfield>
    <subfield code="b">GR</subfield>
    <subfield code="c">OI</subfield>
    <subfield code="d">2014-05-07</subfield>
    <subfield code="i">LF1</subfield>
    <subfield code="l">0</subfield>
    <subfield code="o"> </subfield>
    <subfield code="p">43850-10</subfield>
    <subfield code="r">2020-06-25</subfield>
    <subfield code="w">2020-06-25</subfield>
    <subfield code="y">1</subfield>
    <subfield code="Z">No se presta</subfield>
  </datafield>
  <datafield tag="999" ind1=" " ind2=" ">
    <subfield code="c">43339</subfield>
    <subfield code="d">43339</subfield>
  </datafield>
</record>
